000 00678nam a2200217 a 4500
999 _c530
_d530
008 190912s2011 ii ||||gr|||| 001 0 eng d
020 _a9789381141366
_cRs. 245.00
040 _aKO
_beng
041 0 _aeng
044 _aii
082 0 4 _223
_a510.2462
_bM8964 V.3
100 1 _aMujawar, Chidanand S.
245 1 0 _aEngineering Mathematics, Volume III /
_cChidanand S. Mujawar
260 _aNew Delhi :
_bI. K. International Publishing House Pvt. Ltd,
_c2011
300 _axv, 376 p. ;
_c24 cm.
650 0 _aMathematical analysis
_xFourier analysis
_vTextbooks
650 0 _aMathematical analysis
_xNumerical analysis
_vTextbooks
904 _aS_JOY
942 _cBK